WATFIV-S fundamentals and style / (Record no. 176688)
[ view plain ]
| 000 -LEADER | |
|---|---|
| fixed length control field | 01061 a2200229 4500 |
| 003 - CONTROL NUMBER IDENTIFIER | |
| control field | Nust |
| 005 - DATE AND TIME OF LATEST TRANSACTION | |
| control field | 20220811154746.0 |
| 010 ## - LIBRARY OF CONGRESS CONTROL NUMBER | |
| LC control number | 86002243 |
| 020 ## - INTERNATIONAL STANDARD BOOK NUMBER | |
| International Standard Book Number | 0878351744 (pbk.) |
| 040 ## - CATALOGING SOURCE | |
| Transcribing agency | Nust |
| 082 00 - DEWEY DECIMAL CLASSIFICATION NUMBER | |
| Classification number | 005.133,BRA |
| 100 1# - MAIN ENTRY--PERSONAL NAME | |
| Personal name | Brainerd, Walter S. |
| 9 (RLIN) | 96929 |
| 245 10 - TITLE STATEMENT | |
| Title | WATFIV-S fundamentals and style / |
| Statement of responsibility, etc. | Walter S. Brainerd, Charles H. Goldberg, Jonathan L. Gross. |
| 260 ## - PUBLICATION, DISTRIBUTION, ETC. | |
| Place of publication, distribution, etc. | Boston : |
| Name of publisher, distributor, etc. | Boyd & Fraser, |
| Date of publication, distribution, etc. | c1986. |
| 300 ## - PHYSICAL DESCRIPTION | |
| Extent | xiii, 370, 33, 3 p. : |
| Other physical details | ill. ; |
| Dimensions | 28 cm. |
| 440 #0 - SERIES STATEMENT/ADDED ENTRY--TITLE | |
| Title | Boyd & Fraser programming language series |
| 9 (RLIN) | 96930 |
| 505 ## - FORMATTED CONTENTS NOTE | |
| Formatted contents note | Computer And Programming (Page-1), Problem Solving And Programming In Fortran (Page-34), Decision Structures (Page-87), Loop Structures (Page-126), Subprograms, Modularity And Stepwise Refinement (Page-167), Arrays (Page-225), Character Data (Page-276), Multi Dimensional Arrays (Page-312), Additional Case Studies (Page-345). |
| 650 #0 - SUBJECT ADDED ENTRY--TOPICAL TERM | |
| Topical term or geographic name entry element | FORTRAN (Computer program language) |
| 9 (RLIN) | 26734 |
| 700 1# - ADDED ENTRY--PERSONAL NAME | |
| Personal name | Goldberg, Charles H. |
| 9 (RLIN) | 96931 |
| 700 1# - ADDED ENTRY--PERSONAL NAME | |
| Personal name | Gross, Jonathan L. |
| 9 (RLIN) | 96932 |
| 942 ## - ADDED ENTRY ELEMENTS (KOHA) | |
| Source of classification or shelving scheme | |
| Koha item type | Book |
| Call number prefix | 005.133,BRA |
| Withdrawn status | Lost status | Source of classification or shelving scheme | Damaged status | Not for loan | Permanent Location | Current Location | Shelving location | Date acquired | Full call number | Barcode | Date last seen | Price effective from | Koha item type | Public note |
|---|---|---|---|---|---|---|---|---|---|---|---|---|---|---|
| Military College of Signals (MCS) | Military College of Signals (MCS) | General Stacks | 12/12/2016 | 005.133,BRA | MCS1860 | 12/08/2016 | 12/12/2016 | Book | Almirah No.3, Shelf No.3 |
